| 000 | 01773cam a22004694i 4500 | ||
|---|---|---|---|
| 003 | PE-LiUPU | ||
| 005 | 20250731184550.0 | ||
| 008 | 150616s r 000 0 d | ||
| 035 | _a(Sirsi) a3335 | ||
| 040 |
_aPE-LiUPU _bspa _cPE-LiUPU _erda |
||
| 049 | _aPRUA | ||
| 082 | 0 | 4 |
_a974.01 _bP66 _221 |
| 100 | 1 |
_aPlancarte y Navarrete, Francisco, _eautor. |
|
| 245 | 1 | 0 | _aPrehistoria de México. |
| 264 | 1 |
_aMéxico : _b"Patricio Sanz", _c1923. |
|
| 300 |
_a1014 páginas ; _c23 cm. |
||
| 336 |
_atext _2rdacontent |
||
| 337 |
_aunmediated _2rdamedia |
||
| 338 |
_avolume _2rdacarrier |
||
| 504 | _aIncluye bibliografía. | ||
| 505 | 0 | _aLos primeros pobladores de México -- Los quinametin u otomites -- Los nauas -- ¿De dónde vinieron a México los nauas? -- Los mayas -- Tamoanchan -- Tula -- El dios de los Ulmecas -- Mitos relativos al dios Ulmeca -- Quetzalcatl y cadmo -- Athene, Quetzalcóatl y los dioses encargados de la fecundidad -- Cadmo y los cabiros -- Otros mitos del Sol y la tierra. | |
| 526 | _aP136 | ||
| 526 | _aP135 | ||
| 526 | _aP134 | ||
| 526 | _aP133 | ||
| 526 | _aP144 | ||
| 526 | _aP143 | ||
| 526 | _aP87 | ||
| 526 | _aP35 | ||
| 526 | _aP20 | ||
| 526 | _aP14 | ||
| 526 | _aP10 | ||
| 526 | _aP06 | ||
| 650 | 0 | 4 | _aMEXICO - PREHISTORIA. |
| 910 |
_ajck _bjvq _cjck |
||
| 942 |
_2ddc _cBOOK |
||
| 949 |
_a974.01 P66 _wDEWEY _c1 _i16257 _lCCODEBUL1 _mBUL _p00.00 _r0 _sY _tBOOK _u19781120 _xEDUCACION _PP20 _0COMPRA _o.STAFF. Colección General |
||
| 994 |
_aC0 _bPEPRU |
||
| 596 | _a1 | ||
| 999 |
_a974.01 P66 _wDEWEY _c41087 _i16257 _f2021-11-8 _g4 _lCCODEBUL1 _mBUL _r0 _sY _tBOOK _u2015-6-16 _xBIBLIOTECA _PP20 _0COMPRA _o.STAFF. Colección General _d41087 |
||
| 980 |
_81 _gALBERTO SANCHEZ Responsable de Automatización |
||